| 000 | 00000nam 2200000za 4500 |
| 001 | 9.840293 |
| 003 | CaOODSP |
| 005 | 20250403105947 |
| 007 | cr ||||||||||| |
| 008 | 170802s2017 oncad os f000 0 fre d |
| 020 | |a978-0-660-09161-7 |
| 040 | |aCaOODSP|bfre |
| 043 | |an-cn--- |
| 086 | 1 |aCS11-627/2017-24F-PDF |
| 245 | 00|aPortrait des ménages et des familles au Canada |h[ressource électronique]. |
| 260 | |a[Ottawa] : |bStatistique Canada, |c[2017] |
| 300 | |a[1] p. : |bgraph. en coul., ill. en coul. |
| 500 | |aPubl. aussi en anglais sous le titre : Portrait of households and families in Canada. |
| 500 | |aTitre de départ. |
| 520 | |a« Fondée sur les données du Recensement de 2016, l'infographie suivante dresse un portrait des ménages canadiens, y compris ceux composés de familles comptant un couple et de jeunes adultes vivant avec leurs parents » -- Fourni par l'éditeur. |
| 651 | 6|aCanada|xRecensement, 2016. |
| 692 | 07|2gccst|aFamille |
| 692 | 07|2gccst|aDonnées du recensement |
| 710 | 2 |aStatistique Canada. |
| 775 | 08|tPortrait of households and families in Canada |w(CaOODSP)9.840291 |
| 856 | 40|qPDF|s474 Ko|uhttps://publications.gc.ca/collections/collection_2017/statcan/11-627-m/11-627-m2017024-fra.pdf |
| 986 | |a11-627-M, n° 2017024 |